| 000 | 00958cab a2200301 4500 | ||
|---|---|---|---|
| 001 | ABS57377 | ||
| 008 | 090401t1997 xxu||||| |||| 00| 0 eng d | ||
| 035 | _a(Sirsi) u79470 | ||
| 041 | _aeng | ||
| 100 | _aHatush, Z. | ||
| 245 | _aAssessment and evaluation of contractor data against client goals using PERT approach | ||
| 260 | _c1997 | ||
| 350 | _a0 | ||
| 490 |
_aConstruction Management & Economics _v15(4) 1997, 327-340(14) |
||
| 520 | _aPresents a methodology for assessing and evaluating contractor data for the purpose of prequalification and bid evaluation. References. | ||
| 650 | _aBID EVALUATION | ||
| 650 | _aCLIENTS GOALS | ||
| 650 | _aCONTRACTOR DATA | ||
| 650 | _aCONTRACTOR SELECTION | ||
| 650 | _aPERT | ||
| 650 | _aPREQUALIFICATION | ||
| 650 | _aPROGRAM EVALUATION AND REVIEW TECHNIQUE | ||
| 650 | _aTENDERING | ||
| 690 |
_aProject management _96261 |
||
| 700 | _aSkitmore, M. | ||
| 942 | _n0 | ||
| 948 | _c04/07/1997 | ||
| 999 |
_c49962 _d49962 |
||